00459nam a2200157Ia 4500008004100000020001400041082001400055100002000069245005200089250000700141260003700148300002600185500001900211600002100230650005000251240925s9999 xx 000 0 und d a789717697 a006.6 STA aStanley, Robert 4aThe Complete Idiot's Guide To Adobe Photoshop 5 aNA aIndiana:bQUE Publishingc,1999. av,447p.bNAfOriginal aIncludes Index aComputer Science aComputer science, information & general works